Defektoskopia pomocou rýchlych neutrónov
Saved in:
| Main Author: | |
|---|---|
| Other Authors: | |
| Format: | Manuscript Book |
| Language: | Slovak |
| Published: |
Bratislava :
STU v Bratislave FEI,
2025
|
| Subjects: | |
| Online Access: | https://opac.crzp.sk/?fn=detailBiblioFormChildK12LGH8&sid=BA75C2D62745AD5722EE9A9ED92F&seo=CRZP-detail-kniha |
| Tags: |
No Tags, Be the first to tag this record!
|
MARC
| LEADER | 00000ntm a22000003a 4500 | ||
|---|---|---|---|
| 001 | stuzp103696 | ||
| 003 | SK-STU | ||
| 005 | 20260203123644.3 | ||
| 007 | ta | ||
| 008 | 150427s2015----xo-----f-mn---000-0-slo-d | ||
| 040 | |a STU |b slo | ||
| 041 | 0 | |a slo | |
| 044 | |a xo | ||
| 100 | 1 | |a Saito, Nikita |u 036000 |4 aut |U FEI Fakulta elektrotechniky a informatiky |T FEI Ústav jadrového a fyzikálneho inžinierstva |X 122641 |U E060 |Y 817 |7 122641 | |
| 242 | 0 | 1 | |a Fast neutron defectoscopy |y eng |
| 245 | 1 | 0 | |a Defektoskopia pomocou rýchlych neutrónov |
| 260 | |a Bratislava : |b STU v Bratislave FEI, |c 2025 | ||
| 300 | |a 69 s. | ||
| 650 | 4 | |a Defektoskopia |2 slo | |
| 650 | 4 | |a Tepelný výmenník |2 slo | |
| 650 | 4 | |a Plastický scintilátor |2 slo | |
| 650 | 4 | |a Simulácia |2 slo | |
| 650 | 4 | |a Rýchle neutróny |2 slo | |
| 650 | 4 | |a Simulation |2 eng | |
| 650 | 4 | |a Defectoscopy |2 eng | |
| 650 | 4 | |a Fast neutrons |2 eng | |
| 650 | 4 | |a Heat exchanger |2 eng | |
| 650 | 4 | |a Plastic scintillator |2 eng | |
| 700 | 1 | |a Lűley, Jakub |u 036000 |k Z1 |4 ths |U FEI Fakulta elektrotechniky a informatiky |T FEI Ústav jadrového a fyzikálneho inžinierstva |X 22849 |U E060 |Y 817 |7 A000022849 | |
| 856 | 4 | |u https://opac.crzp.sk/?fn=detailBiblioFormChildK12LGH8&sid=BA75C2D62745AD5722EE9A9ED92F&seo=CRZP-detail-kniha | |